000 00869nam a2200229 u 4500
005 20240925063815.0
008 100309s2008 r 000 0 eng d
020 _a8478276301
035 _aUPN01000175046
049 _aCG
050 4 _aQA11
_bG6.2
100 1 _aGoñi Zabala, Jesús María
_933466
245 1 0 _a[9] - 2 ideas clave :
_bel desarrollo de la competencia matemática /
_cJesús Ma. Goñi Zabala.
260 _aBarcelona, Esp. :
_bGraó,
_c2008.
300 _a236 p. :
_bil., cuadros
440 0 _aIdeas clave.
_pDidáctica de las matemáticas ;
_v7
590 _aBibliografía básica para el programa de Maestría en Educación Básica, BGTQ, 2010
590 _aTambién localizas un ejemplar en el "Área de Reserva"
650 4 _aMatemáticas
_xEstudio y enseñanza
_93601
650 4 _aEducación basada en competencias
_913564
905 _aLibro
999 _c147150
_d147150